Political science research methods / (Record no. 25662)
[ view plain ]
| 000 -LEADER | |
|---|---|
| fixed length control field | 01600cam a22002535a 4500 |
| 001 - CONTROL NUMBER | |
| control field | 16965886 |
| 005 - DATE AND TIME OF LATEST TRANSACTION | |
| control field | 20171126113156.0 |
| 008 - FIXED-LENGTH DATA ELEMENTS--GENERAL INFORMATION | |
| fixed length control field | 110916t2012 caua frb 001 0 eng d |
| 020 ## - INTERNATIONAL STANDARD BOOK NUMBER | |
| International Standard Book Number | 9781608716890 |
| 040 ## - CATALOGING SOURCE | |
| Original cataloging agency | DLC |
| Language of cataloging | eng |
| Transcribing agency | DLC |
| Modifying agency | UKMGB |
| -- | NTD |
| -- | PGC |
| -- | YDXCP |
| -- | CDX |
| -- | TTU |
| -- | DLC |
| -- | EG-ScBUE |
| 082 04 - DEWEY DECIMAL CLASSIFICATION NUMBER | |
| Edition number | 22 |
| Classification number | 320.072 |
| Item number | JOH |
| 100 1# - MAIN ENTRY--PERSONAL NAME | |
| Personal name | Johnson, Janet Buttolph, |
| Dates associated with a name | 1950- |
| 245 10 - TITLE STATEMENT | |
| Title | Political science research methods / |
| Statement of responsibility, etc | Janet Buttolph Johnson, H. T. Reynolds. |
| 250 ## - EDITION STATEMENT | |
| Edition statement | 7th ed. |
| 260 ## - PUBLICATION, DISTRIBUTION, ETC. (IMPRINT) | |
| Place of publication, distribution, etc | Thousand Oaks : |
| Name of publisher, distributor, etc | CQ Press / SAGE Publications, |
| Date of publication, distribution, etc | c.2012. |
| 300 ## - PHYSICAL DESCRIPTION | |
| Extent | xxxi, 646 p. : |
| Other physical details | ill. ; |
| Dimensions | 24 cm. |
| 504 ## - BIBLIOGRAPHY, ETC. NOTE | |
| Bibliography, etc | Includes bibliographical references and index. |
| 505 00 - FORMATTED CONTENTS NOTE | |
| Miscellaneous information | The |
| Title | empirical approach to political science -- |
| -- | Beginning the research process : identifying a research topic, developing research questions, and reviewing the literature -- |
| Miscellaneous information | The |
| Title | building blocks of social scientific research : hypotheses, concepts, and variables -- |
| Miscellaneous information | The |
| Title | building blocks of social scientific research : measurement -- |
| -- | Research design : making causal inferences -- |
| -- | Sampling -- |
| -- | Making empirical observations : direct and indirect observation -- |
| -- | Document analysis : using the written record -- |
| -- | Survey research and interviewing -- |
| -- | Making sense of data : first steps -- |
| -- | Statistical inference -- |
| -- | Investigating relationships between two variables -- |
| -- | Multivariate analysis -- |
| Miscellaneous information | The |
| Title | research report : an annotated example. |
| 650 #7 - SUBJECT ADDED ENTRY--TOPICAL TERM | |
| Topical term or geographic name as entry element | Political science |
| General subdivision | Research |
| -- | Methodology. |
| Source of heading or term | BUEsh |
| 9 (RLIN) | 5000 |
| 651 ## - SUBJECT ADDED ENTRY--GEOGRAPHIC NAME | |
| Source of heading or term | BUEsh |
| 653 ## - INDEX TERM--UNCONTROLLED | |
| Resource For college | BAEPS, Political Science |
| Arrived date list | November2017 |
| 700 1# - ADDED ENTRY--PERSONAL NAME | |
| Personal name | Reynolds, H. T. |
| Fuller form of name | (Henry T.) |
| 942 ## - ADDED ENTRY ELEMENTS (KOHA) | |
| Source of classification or shelving scheme | Dewey Decimal Classification |
| Withdrawn status | Item status | Source of classification or shelving scheme | Damaged status | Not for loan | Vendor | Home library | Current library | Shelving location | Date acquired | Source of acquisition | Cost, normal purchase price | Serial Enumeration / chronology | Total Checkouts | Total Renewals | Full call number | Barcode | Date last seen | Date last borrowed | Cost, replacement price | Koha item type |
|---|---|---|---|---|---|---|---|---|---|---|---|---|---|---|---|---|---|---|---|---|
| Dewey Decimal Classification | Central Library | Central Library | First floor | 26/11/2017 | Purchase | 502.00 | 3683 | 2 | 1 | 320.072 JOH | 000042556 | 15/07/2025 | 11/08/2021 | 627.50 | Book - Borrowing |